[Event "Team men PL"]
[Site "Sochi"]
[Date "2020.11.22"]
[Round "4.25"]
[White "Iljiushenok, Ilia"]
[Black "Goryachkina, Aleksandra"]
[Result "1/2-1/2"]
[BlackElo "2592"]
[WhiteElo "2539"]
[LiveChessVersion "1.4.8"]

1.e4 {[%clk 1:30:55]} e5 {[%clk 1:30:43]} 2.Nf3 {[%clk 1:30:48]}
Nc6 {[%clk 1:30:28]} 3.Bb5 {[%clk 1:30:54]} Nf6 {[%clk 1:30:45]}
4.d3 {[%clk 1:30:29]} Bc5 {[%clk 1:30:44]} 5.Bxc6 {[%clk 1:30:30]}
dxc6 {[%clk 1:31:01]} 6.Nbd2 {[%clk 1:30:44]} Nd7 {[%clk 1:29:58]}
7.Nc4 {[%clk 1:30:53]} f6 {[%clk 1:28:21]} 8.c3 {[%clk 1:26:46]}
Nf8 {[%clk 1:24:37]} 9.d4 {[%clk 1:21:38]} exd4 {[%clk 1:22:22]}
10.cxd4 {[%clk 1:22:05]} Be6 {[%clk 1:21:38]} 11.b3 {[%clk 1:12:08]}
Be7 {[%clk 1:14:22]} 12.O-O {[%clk 1:06:50]} Ng6 {[%clk 1:14:11]}
13.Ne3 {[%clk 1:00:49]} Qd7 {[%clk 1:12:08]} 14.Qc2 {[%clk 0:57:29]}
O-O {[%clk 1:07:38]} 15.Rd1 {[%clk 0:45:16]} Rad8 {[%clk 1:05:31]}
16.Bb2 {[%clk 0:44:34]} Nf4 {[%clk 1:00:27]} 17.Nh4 {[%clk 0:40:39]}
Rfe8 {[%clk 0:55:01]} 18.Nhf5 {[%clk 0:36:09]} Bf8 {[%clk 0:55:00]}
19.f3 {[%clk 0:34:25]} Qf7 {[%clk 0:52:42]} 20.Bc3 {[%clk 0:28:54]}
Rd7 {[%clk 0:51:14]} 21.Re1 {[%clk 0:28:02]} Red8 {[%clk 0:43:54]}
22.Rad1 {[%clk 0:27:59]} Bxf5 {[%clk 0:42:48]} 23.Nxf5 {[%clk 0:28:00]}
Ne6 {[%clk 0:42:31]} 24.Qb2 {[%clk 0:25:16]} a5 {[%clk 0:37:06]}
25.Bxa5 {[%clk 0:20:01]} g6 {[%clk 0:33:15]} 26.Ne3 {[%clk 0:20:22]}
Rxd4 {[%clk 0:31:24]} 27.Rxd4 {[%clk 0:12:06]} Nxd4 {[%clk 0:31:34]}
28.Bc3 {[%clk 0:12:28]} c5 {[%clk 0:21:41]} 29.b4 {[%clk 0:09:35]}
b6 {[%clk 0:19:50]} 30.a4 {[%clk 0:08:43]} f5 {[%clk 0:15:51]}
31.exf5 {[%clk 0:04:08]} gxf5 {[%clk 0:14:45]} 32.a5 {[%clk 0:04:09]}
Nb5 {[%clk 0:10:19]} 33.axb6 {[%clk 0:02:30]} cxb6 {[%clk 0:09:42]}
34.bxc5 {[%clk 0:01:52]} Nxc3 {[%clk 0:08:37]} 35.Qxc3 {[%clk 0:02:17]}
Bxc5 {[%clk 0:08:45]} 36.Kf1 {[%clk 0:00:49]} Re8 {[%clk 0:06:01]}
37.Nc2 {[%clk 0:01:01]} Rxe1+ {[%clk 0:05:58]} 38.Nxe1 {[%clk 0:01:10]}
Qa2 {[%clk 0:04:06]} 39.Nd3 {[%clk 0:01:31]} Qb1+ {[%clk 0:04:00]}
40.Ke2 {[%clk 0:31:56]} Qg1 {[%clk 0:32:46]} 41.Nxc5 {[%clk 0:13:20]}
Qxg2+ {[%clk 0:29:31]} 42.Ke3 {[%clk 0:13:15]} bxc5 {[%clk 0:24:07]}
43.Qe5 {[%clk 0:13:14]} Qg6 {[%clk 0:22:02]} 44.Kf2 {[%clk 0:10:14]}
Qb6 {[%clk 0:13:49]} 45.Qxf5 {[%clk 0:09:04]} c4+ {[%clk 0:14:12]}
46.Ke2 {[%clk 0:08:44]} Qb2+ {[%clk 0:12:58]} 47.Kd1 {[%clk 0:09:10]}
Qb3+ {[%clk 0:11:40]} 48.Kc1 {[%clk 0:09:24]} c3 {[%clk 0:11:24]}
49.Qg5+ {[%clk 0:08:03]} Kf7 {[%clk 0:11:24]} 50.Qf5+ {[%clk 0:08:27]}
Ke8 {[%clk 0:11:23]} 51.Qe4+ {[%clk 0:08:36]} Kf8 {[%clk 0:10:36]}
52.Qf5+ {[%clk 0:09:00]} 1/2-1/2

[Event "Team men PL"]
[Site "Sochi"]
[Date "2020.11.22"]
[Round "4.26"]
[White "Kobalia, Mikhail"]
[Black "Bykov, Oleg"]
[Result "1-0"]
[BlackElo "2362"]
[WhiteElo "2590"]
[LiveChessVersion "1.4.8"]

1.d4 {[%clk 1:30:56]} Nf6 {[%clk 1:30:32]} 2.Nf3 {[%clk 1:31:18]}
g6 {[%clk 1:29:33]} 3.c4 {[%clk 1:30:49]} Bg7 {[%clk 1:29:54]}
4.Nc3 {[%clk 1:31:14]} O-O {[%clk 1:30:01]} 5.e4 {[%clk 1:31:40]}
d6 {[%clk 1:30:26]} 6.Be2 {[%clk 1:32:07]} e5 {[%clk 1:30:39]}
7.O-O {[%clk 1:32:32]} Nc6 {[%clk 1:30:53]} 8.d5 {[%clk 1:32:57]}
Ne7 {[%clk 1:31:18]} 9.b4 {[%clk 1:33:24]} a5 {[%clk 1:29:34]}
10.bxa5 {[%clk 1:33:15]} Rxa5 {[%clk 1:29:55]} 11.a4 {[%clk 1:33:37]}
Nd7 {[%clk 1:15:17]} 12.Ba3 {[%clk 1:30:03]} Ra8 {[%clk 1:14:34]}
13.Bb4 {[%clk 1:27:04]} Bh6 {[%clk 0:58:42]} 14.Bd3 {[%clk 1:05:07]}
f5 {[%clk 0:56:24]} 15.Re1 {[%clk 1:05:09]} Kh8 {[%clk 0:46:18]}
16.a5 {[%clk 1:04:46]} Ng8 {[%clk 0:44:28]} 17.Ra3 {[%clk 1:03:06]}
Ndf6 {[%clk 0:28:04]} 18.c5 {[%clk 1:00:14]} fxe4 {[%clk 0:28:07]}
19.Bxe4 {[%clk 0:57:49]} Bf5 {[%clk 0:27:26]} 20.Bd3 {[%clk 0:46:14]}
Ne7 {[%clk 0:20:26]} 21.Be2 {[%clk 0:38:01]} Ne4 {[%clk 0:15:28]}
22.cxd6 {[%clk 0:34:26]} cxd6 {[%clk 0:15:54]} 23.Nb5 {[%clk 0:34:24]}
Ra6 {[%clk 0:15:03]} 24.Rb3 {[%clk 0:30:32]} Bg7 {[%clk 0:12:16]}
25.Bc4 {[%clk 0:24:25]} Qd7 {[%clk 0:11:28]} 26.Na3 {[%clk 0:22:29]}
Raa8 {[%clk 0:10:14]} 27.Bb5 {[%clk 0:22:45]} Qd8 {[%clk 0:10:10]}
28.Nc4 {[%clk 0:23:08]} g5 {[%clk 0:07:20]} 29.h3 {[%clk 0:19:57]}
Rc8 {[%clk 0:06:32]} 30.Rbe3 {[%clk 0:19:03]} Nc5 {[%clk 0:05:34]}
31.Nxg5 {[%clk 0:19:00]} Ng6 {[%clk 0:05:21]} 32.Ne6 {[%clk 0:18:07]}
Bxe6 {[%clk 0:03:24]} 33.dxe6 {[%clk 0:18:35]} Nxe6 {[%clk 0:02:35]}
34.Nxd6 {[%clk 0:07:27]} Qh4 {[%clk 0:02:56]} 35.Ne4 {[%clk 0:04:29]}
Rfd8 {[%clk 0:02:59]} 36.Qg4 {[%clk 0:04:36]} Qxg4 {[%clk 0:03:07]}
37.hxg4 {[%clk 0:05:05]} Nd4 {[%clk 0:03:27]} 38.Bd3 {[%clk 0:04:52]}
Nf4 {[%clk 0:03:45]} 39.Nd6 {[%clk 0:03:28]} Bf8 {[%clk 0:00:51]}
40.Nf7+ {[%clk 0:31:38]} Kg8 {[%clk 0:30:44]} 41.Nxd8 {[%clk 0:28:57]}
Bxb4 {[%clk 0:31:08]} 42.Rb1 {[%clk 0:28:19]} Bd2 {[%clk 0:25:42]}
43.Rxe5 {[%clk 0:26:43]} Rxd8 {[%clk 0:20:50]} 44.Bc4+ {[%clk 0:26:54]}
Kh8 {[%clk 0:19:41]} 45.Rxb7 {[%clk 0:26:52]} Nc6 {[%clk 0:19:30]}
46.Re4 {[%clk 0:22:00]} Nxa5 {[%clk 0:19:30]} 47.Rf7 {[%clk 0:21:40]}
Nxc4 {[%clk 0:18:17]} 48.Rxc4 {[%clk 0:22:07]} Ne6 {[%clk 0:17:00]}
49.g3 {[%clk 0:21:44]} Nf8 {[%clk 0:09:49]} 50.Kg2 {[%clk 0:22:01]}
Kg8 {[%clk 0:08:33]} 51.Rb7 {[%clk 0:22:24]} Bg5 {[%clk 0:07:00]}
52.Rc6 {[%clk 0:17:59]} Rd2 {[%clk 0:05:18]} 53.Kf1 {[%clk 0:17:45]}
Rd4 {[%clk 0:04:33]} 54.Rcc7 {[%clk 0:15:13]} Rxg4 {[%clk 0:00:48]}
55.Rg7+ {[%clk 0:12:49]} Kh8 {[%clk 0:01:18]} 56.f3 {[%clk 0:13:03]}
Rb4 {[%clk 0:00:51]} 57.Rxh7+ {[%clk 0:12:17]} Nxh7 {[%clk 0:01:17]}
58.Rxb4 {[%clk 0:12:45]} Kg7 {[%clk 0:01:04]} 59.Ke2 {[%clk 0:13:04]}
Kf7 {[%clk 0:01:02]} 60.f4 {[%clk 0:13:11]} Be7 {[%clk 0:01:04]}
61.Rb7 {[%clk 0:13:39]} Nf8 {[%clk 0:01:04]} 62.Kf3 {[%clk 0:14:04]}
Ne6 {[%clk 0:01:16]} 63.g4 {[%clk 0:12:49]} Kf8 {[%clk 0:01:09]}
64.Rb6 {[%clk 0:12:46]} Kf7 {[%clk 0:01:13]} 65.Ke4 {[%clk 0:13:10]}
Ng7 {[%clk 0:01:31]} 66.Ke5 {[%clk 0:11:36]} Ne8 {[%clk 0:01:23]}
67.g5 {[%clk 0:11:28]} Ng7 {[%clk 0:01:04]} 68.Rb7 {[%clk 0:10:55]}
Kf8 {[%clk 0:00:42]} 69.Rc7 {[%clk 0:10:04]} Ba3 {[%clk 0:00:33]}
70.f5 {[%clk 0:09:19]} Bb2+ {[%clk 0:00:57]} 71.Kf4 {[%clk 0:08:47]}
Ne8 {[%clk 0:01:12]} 72.Rb7 {[%clk 0:08:48]} Bc3 {[%clk 0:01:18]}
73.Rd7 {[%clk 0:09:03]} Bb2 {[%clk 0:01:08]} 74.Kg4 {[%clk 0:09:21]}
Ng7 {[%clk 0:00:42]} 75.f6 {[%clk 0:09:12]} Ne6 {[%clk 0:00:46]}
76.Kf5 {[%clk 0:09:31]} Nd4+ {[%clk 0:01:00]} 77.Kg6 {[%clk 0:07:48]}
Nc6 {[%clk 0:01:25]} 78.Rc7 {[%clk 0:06:59]} Ne5+ {[%clk 0:01:49]}
79.Kf5 {[%clk 0:07:17]} Ke8 {[%clk 0:00:55]} 80.Re7+ {[%clk 0:07:37]} 1-0

[Event "Team men PL"]
[Site "Sochi"]
[Date "2020.11.22"]
[Round "4.27"]
[White "Nozdrachev, Leonid"]
[Black "Demidov, Mikhail"]
[Result "0-1"]
[BlackElo "2526"]
[WhiteElo "2391"]
[LiveChessVersion "1.4.8"]

1.d4 {[%clk 1:30:53]} d5 {[%clk 1:30:36]} 2.c4 {[%clk 1:31:10]}
e6 {[%clk 1:30:56]} 3.Nf3 {[%clk 1:31:11]} c6 {[%clk 1:30:38]}
4.e3 {[%clk 1:31:00]} Bd6 {[%clk 1:30:00]} 5.Nbd2 {[%clk 1:29:54]}
f5 {[%clk 1:30:14]} 6.Ne5 {[%clk 1:23:04]} Nf6 {[%clk 1:28:28]}
7.Be2 {[%clk 1:20:34]} O-O {[%clk 1:26:39]} 8.Ndf3 {[%clk 1:14:12]}
b6 {[%clk 1:25:36]} 9.O-O {[%clk 1:08:52]} Ne4 {[%clk 1:24:56]}
10.Bd2 {[%clk 1:06:19]} Qe7 {[%clk 1:12:15]} 11.Rb1 {[%clk 1:02:02]}
c5 {[%clk 1:10:09]} 12.dxc5 {[%clk 0:55:07]} bxc5 {[%clk 1:10:15]}
13.b4 {[%clk 0:37:51]} Qc7 {[%clk 1:04:02]} 14.Nd3 {[%clk 0:37:27]}
dxc4 {[%clk 1:03:17]} 15.Nxc5 {[%clk 0:34:06]} Bxc5 {[%clk 0:53:17]}
16.bxc5 {[%clk 0:34:03]} c3 {[%clk 0:53:43]} 17.Bc1 {[%clk 0:30:15]}
Nd7 {[%clk 0:48:37]} 18.c6 {[%clk 0:23:48]} Ndc5 {[%clk 0:46:33]}
19.Nd4 {[%clk 0:22:03]} e5 {[%clk 0:41:37]} 20.Bc4+ {[%clk 0:19:39]}
Kh8 {[%clk 0:41:50]} 21.Nf3 {[%clk 0:16:55]} Rd8 {[%clk 0:33:28]}
22.Qe2 {[%clk 0:12:19]} g5 {[%clk 0:26:20]} 23.Ne1 {[%clk 0:08:19]}
Qxc6 {[%clk 0:24:40]} 24.Nd3 {[%clk 0:07:55]} Nxd3 {[%clk 0:22:42]}
25.Bxd3 {[%clk 0:08:13]} Rxd3 {[%clk 0:19:48]} 26.Qxd3 {[%clk 0:08:40]}
Ba6 {[%clk 0:20:14]} 27.Qc2 {[%clk 0:08:45]} Bxf1 {[%clk 0:20:28]}
28.Kxf1 {[%clk 0:09:11]} g4 {[%clk 0:18:24]} 29.Qd3 {[%clk 0:06:42]}
Qc7 {[%clk 0:14:51]} 30.f3 {[%clk 0:03:25]} Rd8 {[%clk 0:14:08]}
31.Rb7 {[%clk 0:02:48]} Qc8 {[%clk 0:05:33]} 32.Qa6 {[%clk 0:01:31]}
gxf3 {[%clk 0:05:31]} 33.gxf3 {[%clk 0:01:42]} f4 {[%clk 0:04:11]}
34.fxe4 {[%clk 0:00:53]} Qh3+ {[%clk 0:04:34]} 35.Ke1 {[%clk 0:00:54]}
Qh4+ {[%clk 0:04:49]} 36.Kf1 {[%clk 0:00:34]} Rd1+ {[%clk 0:04:09]}
37.Kg2 {[%clk 0:00:36]} Qg4+ {[%clk 0:04:27]} 38.Kf2 {[%clk 0:01:03]}
Qg1+ {[%clk 0:04:50]} 39.Kf3 {[%clk 0:01:23]} Rf1+ {[%clk 0:04:30]}
40.Qxf1 {[%clk 0:31:18]} Qxf1+ {[%clk 0:34:56]} 41.Kg4 {[%clk 0:31:39]}
Qxc1 {[%clk 0:35:01]} 42.Kf5 {[%clk 0:31:48]} fxe3 {[%clk 0:34:55]}
43.Kf6 {[%clk 0:31:48]} Qf1+ {[%clk 0:35:14]} 0-1

[Event "Team men PL"]
[Site "Sochi"]
[Date "2020.11.22"]
[Round "4.28"]
[White "Murzin, Volodar"]
[Black "Smirnov, Timofey"]
[Result "1/2-1/2"]
[BlackElo "2394"]
[WhiteElo "2470"]
[LiveChessVersion "1.4.8"]

1.d4 {[%clk 1:30:55]} d5 {[%clk 1:29:40]} 2.c4 {[%clk 1:31:14]}
c6 {[%clk 1:30:03]} 3.Nf3 {[%clk 1:31:40]} Nf6 {[%clk 1:30:26]}
4.Nc3 {[%clk 1:32:07]} dxc4 {[%clk 1:30:19]} 5.a4 {[%clk 1:32:20]}
e6 {[%clk 1:28:26]} 6.e3 {[%clk 1:32:34]} c5 {[%clk 1:28:49]}
7.Bxc4 {[%clk 1:32:59]} Nc6 {[%clk 1:29:12]} 8.O-O {[%clk 1:32:58]}
Be7 {[%clk 1:28:23]} 9.Qe2 {[%clk 1:31:52]} O-O {[%clk 1:27:17]}
10.Rd1 {[%clk 1:32:00]} cxd4 {[%clk 1:27:38]} 11.exd4 {[%clk 1:32:22]}
Nb4 {[%clk 1:27:19]} 12.Bg5 {[%clk 1:28:08]} Bd7 {[%clk 1:20:22]}
13.d5 {[%clk 1:18:10]} exd5 {[%clk 1:15:38]} 14.Nxd5 {[%clk 1:09:09]}
Nbxd5 {[%clk 1:13:44]} 15.Bxd5 {[%clk 1:09:30]} Nxd5 {[%clk 1:13:33]}
16.Rxd5 {[%clk 1:09:37]} Bxg5 {[%clk 1:08:53]} 17.Nxg5 {[%clk 1:09:54]}
h6 {[%clk 1:07:59]} 18.Rad1 {[%clk 1:09:53]} Re8 {[%clk 0:57:07]}
19.Qd2 {[%clk 0:57:45]} hxg5 {[%clk 0:51:21]} 20.Rxd7 {[%clk 0:58:05]}
Qf6 {[%clk 0:51:45]} 21.Rxb7 {[%clk 0:52:33]} Rad8 {[%clk 0:49:20]}
22.Rd7 {[%clk 0:52:41]} Rxd7 {[%clk 0:48:17]} 23.Qxd7 {[%clk 0:52:56]}
Re2 {[%clk 0:47:20]} 24.Qxa7 {[%clk 0:47:22]} Qd6 {[%clk 0:43:16]}
25.Ra1 {[%clk 0:40:39]} Qe5 {[%clk 0:34:02]} 26.h3 {[%clk 0:38:54]}
Qxb2 {[%clk 0:32:16]} 27.Rd1 {[%clk 0:38:42]} Qb3 {[%clk 0:31:19]}
28.Qd4 {[%clk 0:35:33]} Re6 {[%clk 0:22:44]} 29.Rc1 {[%clk 0:24:45]}
Kh7 {[%clk 0:16:38]} 30.a5 {[%clk 0:09:53]} Qb5 {[%clk 0:15:44]}
31.Ra1 {[%clk 0:09:15]} Ra6 {[%clk 0:14:58]} 32.Qe4+ {[%clk 0:06:09]}
f5 {[%clk 0:13:35]} 33.Qe1 {[%clk 0:06:07]} Kg6 {[%clk 0:11:11]}
34.Qc3 {[%clk 0:04:10]} Ra7 {[%clk 0:07:47]} 35.Qa3 {[%clk 0:03:27]}
Ra6 {[%clk 0:08:01]} 36.Qa2 {[%clk 0:02:49]} Qe5 {[%clk 0:04:28]}
37.Qb1 {[%clk 0:01:07]} Kh6 {[%clk 0:01:46]} 38.Qa2 {[%clk 0:00:39]}
Kg6 {[%clk 0:01:40]} 39.Qa3 {[%clk 0:00:56]} Kh6 {[%clk 0:01:29]}
40.Qa4 {[%clk 0:30:43]} Kh7 {[%clk 0:31:15]} 41.Qa3 {[%clk 0:18:39]}
Kh6 {[%clk 0:29:50]} 42.Qa2 {[%clk 0:16:18]} Kh7 {[%clk 0:29:47]}
43.Qa3 {[%clk 0:09:59]} Kh6 1/2-1/2

[Event "Team men PL"]
[Site "Sochi"]
[Date "2020.11.22"]
[Round "4.29"]
[White "Tsoi, Dmitry"]
[Black "Belyakov, Bogdan"]
[Result "1-0"]
[BlackElo "2450"]
[WhiteElo "2315"]
[LiveChessVersion "1.4.8"]

1.f4 {[%clk 1:30:57]} d5 {[%clk 1:30:42]} 2.Nf3 {[%clk 1:31:22]}
Bg4 {[%clk 1:31:06]} 3.e3 {[%clk 1:31:35]} e6 {[%clk 1:31:27]}
4.d4 {[%clk 1:31:57]} Nf6 {[%clk 1:31:34]} 5.Bd3 {[%clk 1:32:21]}
c5 {[%clk 1:31:53]} 6.c3 {[%clk 1:32:47]} Be7 {[%clk 1:31:53]}
7.O-O {[%clk 1:33:09]} O-O {[%clk 1:31:31]} 8.Nbd2 {[%clk 1:32:48]}
Nc6 {[%clk 1:31:51]} 9.Qe1 {[%clk 1:30:34]} Bf5 {[%clk 1:25:59]}
10.Qe2 {[%clk 1:30:15]} a6 {[%clk 1:04:52]} 11.Ne5 {[%clk 1:30:08]}
Qc7 {[%clk 1:01:40]} 12.g4 {[%clk 1:21:04]} Bxd3 {[%clk 0:55:52]}
13.Nxd3 {[%clk 1:21:21]} Nd7 {[%clk 0:50:55]} 14.a3 {[%clk 1:14:32]}
b5 {[%clk 0:45:07]} 15.b4 {[%clk 1:09:59]} cxb4 {[%clk 0:44:44]}
16.axb4 {[%clk 1:09:41]} a5 {[%clk 0:41:45]} 17.Ba3 {[%clk 1:08:31]}
Nb6 {[%clk 0:29:39]} 18.bxa5 {[%clk 1:06:16]} Na4 {[%clk 0:28:38]}
19.Bxe7 {[%clk 0:54:35]} Qxe7 {[%clk 0:26:34]} 20.Nc5 {[%clk 0:37:15]}
Nxc5 {[%clk 0:25:15]} 21.Qxb5 {[%clk 0:32:25]} Qh4 {[%clk 0:19:35]}
22.dxc5 {[%clk 0:29:17]} Qxg4+ {[%clk 0:19:34]} 23.Kh1 {[%clk 0:29:42]}
Rfc8 {[%clk 0:18:08]} 24.a6 {[%clk 0:29:13]} g6 {[%clk 0:14:22]}
25.Nf3 {[%clk 0:20:41]} Qf5 {[%clk 0:11:46]} 26.Qb1 {[%clk 0:20:51]}
Qh3 {[%clk 0:04:50]} 27.Qb7 {[%clk 0:16:29]} Qf5 {[%clk 0:04:16]}
28.Qb1 {[%clk 0:16:55]} Qh3 {[%clk 0:04:10]} 29.Qd3 {[%clk 0:10:19]}
Ne7 {[%clk 0:04:30]} 30.Ng5 {[%clk 0:10:34]} Qh5 {[%clk 0:03:20]}
31.Rf3 {[%clk 0:03:12]} Qg4 {[%clk 0:03:20]} 32.Qd4 {[%clk 0:02:21]}
h6 {[%clk 0:01:40]} 33.Rh3 {[%clk 0:01:43]} Nc6 {[%clk 0:00:41]}
34.Qf6 {[%clk 0:02:06]} Qf5 {[%clk 0:01:02]} 35.Qxf5 {[%clk 0:02:27]}
exf5 {[%clk 0:01:27]} 36.Rxh6 {[%clk 0:02:32]} Nd8 {[%clk 0:00:40]}
37.h4 {[%clk 0:00:36]} Rc6 {[%clk 0:00:36]} 38.a7 {[%clk 0:00:35]}
Ne6 {[%clk 0:00:43]} 39.Rb1 {[%clk 0:00:38]} Nf8 {[%clk 0:00:39]}
40.Rb7 {[%clk 0:30:38]} Rf6 {[%clk 0:30:38]} 41.Nh7 {[%clk 0:23:02]}
Ra6 {[%clk 0:27:50]} 42.Nxf8 {[%clk 0:23:20]} R6xa7 {[%clk 0:25:54]}
43.Rxa7 {[%clk 0:23:40]} Rxa7 {[%clk 0:26:22]} 44.Nxg6 {[%clk 0:23:51]}
Kg7 {[%clk 0:25:57]} 45.Rh8 {[%clk 0:24:15]} fxg6 {[%clk 0:24:41]}
46.Rd8 {[%clk 0:24:34]} Ra3 {[%clk 0:23:17]} 47.Rxd5 {[%clk 0:24:48]}
Rxc3 {[%clk 0:23:43]} 48.Re5 {[%clk 0:25:15]} Kh6 {[%clk 0:22:06]}
49.Kg2 {[%clk 0:25:40]} Kh5 {[%clk 0:22:25]} 50.Kg3 {[%clk 0:25:48]}
Rc1 {[%clk 0:22:44]} 51.Re8 {[%clk 0:25:32]} Rg1+ {[%clk 0:22:53]}
52.Kf3 {[%clk 0:25:17]} Rf1+ {[%clk 0:23:16]} 53.Ke2 {[%clk 0:25:43]}
Rc1 {[%clk 0:23:41]} 54.Rc8 {[%clk 0:25:56]} Kxh4 {[%clk 0:23:32]}
55.Kd2 {[%clk 0:26:01]} Rc4 {[%clk 0:22:27]} 56.Kd3 {[%clk 0:26:23]}
Rc1 {[%clk 0:21:40]} 57.Kd4 {[%clk 0:26:31]} Kg4 {[%clk 0:21:14]}
58.Rg8 {[%clk 0:26:29]} Kf3 {[%clk 0:15:48]} 59.Rxg6 {[%clk 0:26:45]}
Rd1+ {[%clk 0:16:15]} 60.Ke5 {[%clk 0:27:01]} Rc1 {[%clk 0:16:23]}
61.c6 {[%clk 0:26:03]} Kxe3 {[%clk 0:16:27]} 62.Kxf5 {[%clk 0:26:12]}
Rc5+ {[%clk 0:15:39]} 63.Kg4 {[%clk 0:26:33]} Rc4 {[%clk 0:10:13]}
64.Re6+ {[%clk 0:26:56]} Kd4 {[%clk 0:10:40]} 65.Kg5 {[%clk 0:27:20]}
Kd5 {[%clk 0:11:03]} 66.f5 {[%clk 0:27:45]} Rc1 {[%clk 0:10:41]}
67.Kf6 {[%clk 0:28:05]} Rh1 {[%clk 0:09:50]} 68.c7 {[%clk 0:28:11]}
Rc1 {[%clk 0:10:09]} 69.Re7 {[%clk 0:28:36]} Kd6 {[%clk 0:10:22]}
70.Kf7 {[%clk 0:28:59]} Rc2 {[%clk 0:10:38]} 71.f6 {[%clk 0:29:25]}
Rc1 {[%clk 0:10:56]} 72.Ke8 {[%clk 0:29:47]} 1-0